000 01002cam a22003257a 4500
003 CHAP
005 20220329135908.0
008 971013s r 00010 d
010 _a43839
011 _a44811
035 _a48950
040 _cCHAP
090 _aFolleto 5964
100 0 0 _aRamírez, Román.
_994368
245 1 3 _aEl gorgojo de las palmas de coco
260 _a(México, D. F.) :
_bEstación Agrícola Experimental,
_c(s.a.)
300 _a2 p.
_b: ilus.
490 0 _aCircular CIASE
_v; 1
590 _aBATCH-UPD
_b10
_c20130110
_lUCH01
_h0325
590 _aBATCH-UPD
_b10
_c20130110
_lUCH01
_h1701
590 _aBATCH-UPD
_b10
_c20130409
_lUCH01
_h2358
590 _aBATCH-UPD
_b10
_c20130914
_lUCH01
_h0940
590 _aCONVERSION
_b10
_c20130109
_lUCH01
_h1324
650 1 4 _aCoco
_xPlagas.
_924262
650 1 4 _aRhynchophorus palmarum.
_997170
830 0 _aCircular CIASE
_v; 1
_923374
901 _aBK
942 _cFOLL
949 _aFolleto 5964
_bBC
_cBPP
_d-110594
_eBPP
_i48950
_mD
_si
999 _c43839
_d43839